| 000 | 01345 a2200181 4500 | ||
|---|---|---|---|
| 020 | _a0538724854 (paperback) | ||
| 020 | _a9780538724852 (paperback) | ||
| 082 | 0 | 4 | _a658.402 |
| 090 |
_c5467 _d5467 |
||
| 100 | 1 | _aHousel, Debbie. | |
| 245 | 1 | 0 |
_aTeam dynamics : _bprofessional development series / _cDebbie Housel. |
| 250 | _a1st ed. | ||
| 260 |
_a[S.l.] : _bSouth-Western Educational Pub, _c2001. |
||
| 300 |
_a96 p. ; _c23 cm. |
||
| 520 | _aIn today's high impact world of business, it helps to have someone on your team. Effective teams make for effective businesses, and effective businesses mean success for everyone involved. In every career field it is essential that you develop into a positive team player. The qualities of a progressive team can and will vault you to the top of the success ladder. Team Dynamics will not only review the qualities of an effective team player, but illustrate the types of habits that will make each team you are a part of highly productive and efficient. Team Dynamics is one title in the Professional Development Series by South-Western. This series is the perfect resource for learning the non-technical strategies and tactics needed to compete in today's business world. | ||
| 856 | 4 | 0 |
_3Amazon.com _uhttp://www.amazon.com/exec/obidos/ASIN/0538724854/chopaconline-20 |
| 942 |
_aNBS _cBK _k658.402 HOU |
||
| 999 |
_c347874 _d347874 |
||